[Event "DVM U12 2017"]
[Site "Magdeburg GER"]
[Date "2017.12.27"]
[Round "2"]
[White "Cilo, Selimhan"]
[Black "Behr, Julian"]
[Result "0-1"]
[Termination "normal"]
[Board "8.3"]
[WhiteElo "1053"]
[BlackElo "1282"]
[WhiteTeam "SF 1876 Göppingen"]
[BlackTeam "SC Landskrone"]
[PlyCount "154"]
[WhiteFideId "16246756"]
[BlackFideId "16255410"]
[EventCountry "GER"]
[EventRounds "7"]
[EventType "team-swiss"]
[EventDate "2017.12.26"]

1. e4 e5 2. Nf3 Nc6 3. Bc4 Bc5 4. c3 Nf6 5. d3 O-O 6. Bg5 h6 7. Bh4 d6 8. O-O
Bg4 9. h3 Bh5 10. Nbd2 Qe7 11. Nb3 Bb6 12. d4 exd4 13. Bxf6 Qxf6 14. cxd4 Bxf3
15. Qxf3 Qxf3 16. gxf3 Bxd4 17. Nxd4 Nxd4 18. Kg2 Rad8 19. Rfd1 Nc6 20. Rac1
Kh8 21. Bd5 f5 22. Bxc6 bxc6 23. Rxc6 Rc8 24. exf5 Rxf5 25. Rdxd6 cxd6 26.
Rxc8+ Kh7 27. Rd8 Rd5 28. Rd7 a6 29. Kg3 Kg6 30. Kg4 Rd2 31. f4 Kf6 32. f5 g5
33. f4 Rd4 34. Kf3 gxf4 35. Kg4 h5+ 36. Kf3 Kxf5 37. Rh7 Rd3+ 38. Kf2 Kg5 39.
Rg7+ Kh4 40. Rg6 Rd2+ 41. Kf3 Kxh3 42. Kxf4 a5 43. Rg5 h4 44. Kf3 Kh2 45. a3 h3
46. b4 axb4 47. axb4 Rd3+ 48. Kf2 Rd4 49. b5 Rf4+ 50. Ke3 Rf1 51. Ke2 Rg1 52.
Rh5 Rg3 53. Kf2 Rb3 54. Rd5 Rb2+ 55. Kf3 Kg1 56. Rg5+ Kf1 57. Rd5 Rb3+ 58. Kg4
h2 59. Rd1+ Ke2 60. Rh1 Rxb5 61. Rxh2+ Ke3 62. Rh7 d5 63. Re7+ Kd3 64. Kf4 d4
65. Rd7 Rb4 66. Kf3 Rb3 67. Kf2 Rb4 68. Kf3 Kd2 69. Kf2 d3 70. Rc7 Rb3 71. Rc6
Kd1 72. Kf1 d2 73. Kf2 Rb2 74. Kf1 Rc2 75. Ra6 Kc1 76. Ra1+ Kb2 77. Rd1 Rc1 0-1

[Event "DVM U12 2017"]
[Site "Magdeburg GER"]
[Date "2017.12.27"]
[Round "2"]
[White "Quinque, Pepe"]
[Black "Toval, David"]
[Result "0-1"]
[Termination "normal"]
[Board "9.1"]
[WhiteElo "992"]
[BlackElo "1798"]
[WhiteTeam "VfL Gräfenhainichen"]
[BlackTeam "SK Münster"]
[PlyCount "60"]
[WhiteFideId "16255550"]
[BlackFideId "12992755"]
[EventCountry "GER"]
[EventRounds "7"]
[EventType "team-swiss"]
[EventDate "2017.12.26"]

1. e4 c5 2. Bc4 d6 3. Nf3 Nf6 4. Nc3 e6 5. a3 a6 6. a4 Be7 7. d3 O-O 8. O-O Nc6
9. Be3 d5 10. exd5 exd5 11. Ba2 d4 12. Bxd4 cxd4 13. Ne2 Bg4 14. Ng3 Qb6 15.
Rb1 Ne5 16. Kh1 Nxf3 17. gxf3 Qc6 18. Ne4 Bh5 19. Rg1 Nxe4 20. dxe4 Qf6 21. Rg3
Rfd8 22. Qe2 Qh4 23. Rd1 Bd6 24. e5 Re8 25. Rdg1 Bxe5 26. R3g2 Bxh2 27. Rxg7+
Kh8 28. Qd3 Bg3+ 29. Kg2 Qh2+ 30. Kf1 Qxf2# 0-1

[Event "DVM U12 2017"]
[Site "Magdeburg GER"]
[Date "2017.12.27"]
[Round "2"]
[White "Schröder, Lennart"]
[Black "Nguyen, Alex Tommi"]
[Result "1-0"]
[Termination "normal"]
[Board "9.2"]
[WhiteElo "1635"]
[BlackElo "981"]
[WhiteTeam "SK Münster"]
[BlackTeam "VfL Gräfenhainichen"]
[PlyCount "31"]
[WhiteFideId "16222490"]
[BlackFideId "16255569"]
[EventCountry "GER"]
[EventRounds "7"]
[EventType "team-swiss"]
[EventDate "2017.12.26"]

1. d4 d5 2. c4 dxc4 3. Nf3 Nf6 4. Nc3 Nc6 5. d5 Nb4 6. Qa4+ Bd7 7. Qxb4 e6 8.
Qxc4 exd5 9. Qb3 Bc5 10. Bg5 Be6 11. Qb5+ Bd7 12. Qxc5 c6 13. e4 b6 14. Qd6
dxe4 15. Nxe4 Nxe4 16. Qe5+ 1-0

[Event "DVM U12 2017"]
[Site "Magdeburg GER"]
[Date "2017.12.27"]
[Round "2"]
[White "Grunemann, Jonas"]
[Black "Tenbosch, Till Theo"]
[Result "1/2-1/2"]
[Termination "normal"]
[Board "9.3"]
[WhiteElo "964"]
[BlackElo "1030"]
[WhiteTeam "VfL Gräfenhainichen"]
[BlackTeam "SK Münster"]
[PlyCount "93"]
[WhiteFideId "16255577"]
[BlackFideId "16255461"]
[EventCountry "GER"]
[EventRounds "7"]
[EventType "team-swiss"]
[EventDate "2017.12.26"]

1. e4 d5 2. exd5 Qxd5 3. Nc3 Qa5 4. Nf3 Nf6 5. Be2 Bf5 6. O-O e6 7. d3 Bd6 8.
Bd2 c6 9. Ne4 Qd8 10. Nxf6+ Qxf6 11. c3 Nd7 12. d4 Be4 13. Ne5 Nxe5 14. dxe5
Qxe5 15. f4 Qf6 16. Bf3 Bf5 17. Bg4 Qg6 18. Bxf5 Qxf5 19. h3 O-O 20. Qg4 Qxg4
21. hxg4 Rad8 22. Be3 Rd7 23. Bxa7 c5 24. b4 Rc8 25. bxc5 Bxc5+ 26. Bxc5 Rxc5
27. Rac1 Rdc7 28. Rfd1 Kf8 29. Rd3 b5 30. a3 f5 31. gxf5 exf5 32. Kf2 Kf7 33.
Kf3 h5 34. g3 Ke6 35. Re1+ Kf6 36. Rd6+ Kf7 37. Rd3 Rxc3 38. Rxc3 Rxc3+ 39. Re3
Rc5 40. Re5 Rxe5 41. fxe5 Ke6 42. Kf4 g6 43. Kg5 Kf7 44. e6+ Kxe6 45. Kxg6 Ke5
46. Kxh5 Ke4 47. Kg5 1/2-1/2

[Event "DVM U12 2017"]
[Site "Magdeburg GER"]
[Date "2017.12.27"]
[Round "2"]
[White "Weidemann, Jakob"]
[Black "Mischke, Richard"]
[Result "1-0"]
[Termination "normal"]
[Board "9.4"]
[WhiteElo "963"]
[BlackElo "926"]
[WhiteTeam "SK Münster"]
[BlackTeam "VfL Gräfenhainichen"]
[PlyCount "97"]
[WhiteFideId "16255470"]
[BlackFideId "16255585"]
[EventCountry "GER"]
[EventRounds "7"]
[EventType "team-swiss"]
[EventDate "2017.12.26"]

1. e4 e5 2. Nf3 Nc6 3. Bc4 Nf6 4. Nc3 Bb4 5. b3 Bxc3 6. dxc3 Nxe4 7. Qd5 Nd6 8.
Nxe5 O-O 9. Nxc6 dxc6 10. Qf3 Nxc4 11. bxc4 Re8+ 12. Be3 Qh4 13. O-O Qxc4 14.
Rfd1 Bg4 15. Qg3 Bxd1 16. Rxd1 Rad8 17. Rxd8 Rxd8 18. Bd4 g6 19. Qe5 f6 20.
Qxf6 Rd7 21. Qh8+ Kf7 22. Qxh7+ Ke8 23. Qxg6+ Qf7 24. Qxf7+ Kxf7 25. f3 Re7 26.
g4 Re2 27. a3 Kg6 28. h4 Rxc2 29. h5+ Kh6 30. Be3+ Kh7 31. g5 Rxc3 32. g6+ Kg8
33. Kf2 Rd3 34. f4 Rd5 35. Kg3 Rxh5 36. Kg4 Rd5 37. f5 Kg7 38. Kg5 c5 39. Bc1
c4 40. Bb2+ Kg8 41. a4 b5 42. axb5 Rxb5 43. Bd4 a5 44. g7 Rd5 45. Bc3 Rd6 46.
f6 a4 47. Kg6 Rd7 48. Bb4 c3 49. Be7 1-0

[Event "DVM U12 2017"]
[Site "Magdeburg GER"]
[Date "2017.12.28"]
[Round "3"]
[White "von Krosigk, Florian"]
[Black "Metzdorf, Matteo"]
[Result "1/2-1/2"]
[Termination "normal"]
[Board "1.2"]
[WhiteElo "1671"]
[BlackElo "1711"]
[WhiteClock "00:12:28"]
[BlackClock "00:05:47"]
[WhiteTeam "Hamburger SK"]
[BlackTeam "SG Trier"]
[PlyCount "144"]
[WhiteFideId "16227808"]
[BlackFideId "16209869"]
[EventCountry "GER"]
[EventRounds "7"]
[EventType "team-swiss"]
[EventDate "2017.12.26"]

1. e4 {[%clk 1:30:53]} e6 {[%clk 1:30:54]} 2. d4 {[%clk 1:31:14]} d5 {[%clk
1:31:20]} 3. Nc3 {[%clk 1:31:32]} Nf6 {[%clk 1:31:43]} 4. Bg5 {[%clk 1:31:22]}
dxe4 {[%clk 1:31:49]} 5. Nxe4 {[%clk 1:30:50]} Nbd7 {[%clk 1:31:59]} 6. Nf3
{[%clk 1:27:16]} Be7 {[%clk 1:31:09]} 7. Nxf6+ {[%clk 1:25:41]} Nxf6 {[%clk
1:30:40]} 8. Bb5+ {[%clk 1:22:24]} Bd7 {[%clk 1:27:39]} 9. Bxd7+ {[%clk
1:21:47]} Qxd7 {[%clk 1:17:36]} 10. O-O {[%clk 1:20:25]} h6 {[%clk 1:13:39]}
11. Ne5 {[%clk 1:14:36]} Qd8 {[%clk 0:54:50]} 12. Bxf6 {[%clk 1:04:57]} Bxf6
{[%clk 0:54:38]} 13. f4 {[%clk 0:57:57]} O-O {[%clk 0:51:49]} 14. c3 {[%clk
0:56:41]} c5 {[%clk 0:48:16]} 15. dxc5 {[%clk 0:55:00]} Qe7 {[%clk 0:42:26]}
16. Qd6 {[%clk 0:51:08]} Rac8 {[%clk 0:39:26]} 17. Rfd1 {[%clk 0:42:31]} Qc7
{[%clk 0:29:35]} 18. Nd7 {[%clk 0:36:44]} Rfe8 {[%clk 0:28:37]} 19. Rac1 {[%clk
0:27:38]} Be7 {[%clk 0:22:02]} 20. Qxc7 {[%clk 0:27:08]} Rxc7 {[%clk 0:22:25]}
21. b4 {[%clk 0:27:13]} f6 {[%clk 0:21:14]} 22. Rd3 {[%clk 0:21:45]} Kf7 {[%clk
0:19:49]} 23. Rcd1 {[%clk 0:20:37]} Rd8 {[%clk 0:19:16]} 24. Ne5+ {[%clk
0:19:23]} fxe5 {[%clk 0:19:34]} 25. Rxd8 {[%clk 0:19:50]} Bxd8 {[%clk 0:19:54]}
26. Rxd8 {[%clk 0:20:17]} exf4 {[%clk 0:20:13]} 27. Ra8 {[%clk 0:19:33]} a6
{[%clk 0:19:11]} 28. Ra7 {[%clk 0:19:14]} Kf6 {[%clk 0:14:04]} 29. a4 {[%clk
0:16:04]} g5 {[%clk 0:12:52]} 30. Kf2 {[%clk 0:12:07]} Ke5 {[%clk 0:11:52]} 31.
Kf3 {[%clk 0:11:41]} Kd5 {[%clk 0:10:14]} 32. h3 {[%clk 0:10:28]} e5 {[%clk
0:09:18]} 33. c4+ {[%clk 0:08:27]} Kxc4 {[%clk 0:08:21]} 34. c6 {[%clk
0:08:28]} Rxc6 {[%clk 0:07:35]} 35. Rxb7 {[%clk 0:08:53]} Kd5 {[%clk 0:04:24]}
36. b5 {[%clk 0:07:28]} e4+ {[%clk 0:03:37]} 37. Ke2 {[%clk 0:07:16]} axb5
{[%clk 0:03:48]} 38. Rxb5+ {[%clk 0:06:40]} Kd4 {[%clk 0:03:02]} 39. Rb2 {[%clk
0:04:56]} Rc4 {[%clk 0:02:21]} 40. Ra2 {[%clk 0:02:46]} Kc5 {[%clk 0:00:50]}
41. a5 {[%clk 0:02:41]} Kb5 {[%clk 0:00:46]} 42. a6 {[%clk 0:02:35]} Rc8 {[%clk
0:00:56]} 43. h4 {[%clk 0:02:15]} Kb6 {[%clk 0:24:50]} 44. Ra4 {[%clk 0:30:39]}
e3 {[%clk 0:21:10]} 45. a7 {[%clk 0:27:27]} Ra8 {[%clk 0:20:36]} 46. hxg5
{[%clk 0:27:51]} hxg5 {[%clk 0:20:56]} 47. Rb4+ {[%clk 0:23:59]} Kxa7 {[%clk
0:19:19]} 48. Rb5 {[%clk 0:23:21]} Rc8 {[%clk 0:17:07]} 49. Rxg5 {[%clk
0:23:11]} Rc2+ {[%clk 0:17:28]} 50. Ke1 {[%clk 0:22:34]} Rf2 {[%clk 0:17:11]}
51. Rf5 {[%clk 0:15:46]} Kb6 {[%clk 0:17:17]} 52. Rf8 {[%clk 0:11:36]} Kc5
{[%clk 0:17:05]} 53. Rg8 {[%clk 0:09:56]} Kd4 {[%clk 0:16:21]} 54. Rg7 {[%clk
0:09:08]} Rb2 {[%clk 0:08:58]} 55. Rg8 {[%clk 0:08:20]} Ke5 {[%clk 0:09:02]}
56. Rg7 {[%clk 0:07:49]} Kf5 {[%clk 0:09:10]} 57. Rg8 {[%clk 0:07:49]} Rb6
{[%clk 0:09:00]} 58. Ke2 {[%clk 0:07:43]} Rg6 {[%clk 0:07:44]} 59. Rxg6 {[%clk
0:07:52]} Kxg6 {[%clk 0:08:12]} 60. g3 {[%clk 0:08:17]} fxg3 {[%clk 0:07:17]}
61. Kxe3 {[%clk 0:08:42]} Kg5 {[%clk 0:06:50]} 62. Kf3 {[%clk 0:09:10]} Kh4
{[%clk 0:06:59]} 63. Kg2 {[%clk 0:09:34]} Kg4 {[%clk 0:07:13]} 64. Kg1 {[%clk
0:09:56]} Kh3 {[%clk 0:06:45]} 65. Kh1 {[%clk 0:10:20]} Kg4 {[%clk 0:07:04]}
66. Kg2 {[%clk 0:10:44]} Kf4 {[%clk 0:07:27]} 67. Kg1 {[%clk 0:11:02]} Ke5
{[%clk 0:06:38]} 68. Kg2 {[%clk 0:11:12]} Kf4 {[%clk 0:06:58]} 69. Kg1 {[%clk
0:11:32]} Kf3 {[%clk 0:07:09]} 70. Kf1 {[%clk 0:11:47]} Kg4 {[%clk 0:06:10]}
71. Kg2 {[%clk 0:12:09]} Kh4 {[%clk 0:06:22]} 72. Kg1 {[%clk 0:12:28]} Kh3
{[%clk 0:05:47]} 1/2-1/2

[Event "DVM U12 2017"]
[Site "Magdeburg GER"]
[Date "2017.12.28"]
[Round "3"]
[White "Marschall, Tillmann"]
[Black "Huo, Da"]
[Result "1-0"]
[Termination "normal"]
[Board "1.3"]
[WhiteElo "1645"]
[BlackElo "1632"]
[WhiteClock "00:09:28"]
[BlackClock "00:08:59"]
[WhiteTeam "SG Trier"]
[BlackTeam "Hamburger SK"]
[PlyCount "95"]
[WhiteFideId "12973220"]
[BlackFideId "16221206"]
[EventCountry "GER"]
[EventRounds "7"]
[EventType "team-swiss"]
[EventDate "2017.12.26"]

1. e4 {[%clk 1:30:57]} c5 {[%clk 1:30:59]} 2. Nc3 {[%clk 1:31:20]} a6 {[%clk
1:31:24]} 3. g3 {[%clk 1:31:43]} b5 {[%clk 1:31:50]} 4. Bg2 {[%clk 1:32:05]}
Bb7 {[%clk 1:32:08]} 5. d3 {[%clk 1:32:19]} e6 {[%clk 1:32:18]} 6. f4 {[%clk
1:32:30]} Nf6 {[%clk 1:30:43]} 7. Nf3 {[%clk 1:29:59]} d5 {[%clk 1:29:58]} 8.
exd5 {[%clk 1:28:36]} Nxd5 {[%clk 1:30:20]} 9. Nxd5 {[%clk 1:26:54]} Bxd5
{[%clk 1:28:49]} 10. O-O {[%clk 1:26:59]} Be7 {[%clk 1:28:42]} 11. Be3 {[%clk
1:21:23]} O-O {[%clk 1:27:12]} 12. a4 {[%clk 1:18:39]} Nd7 {[%clk 1:22:04]} 13.
Qd2 {[%clk 1:11:32]} Qc7 {[%clk 1:21:30]} 14. Rfe1 {[%clk 0:58:27]} Bf6 {[%clk
1:20:43]} 15. c3 {[%clk 0:56:58]} Rfd8 {[%clk 1:06:15]} 16. Qe2 {[%clk
0:54:51]} Re8 {[%clk 1:00:45]} 17. Qf2 {[%clk 0:49:40]} c4 {[%clk 0:53:22]} 18.
dxc4 {[%clk 0:42:17]} bxc4 {[%clk 0:53:19]} 19. Bd4 {[%clk 0:41:46]} Bxd4
{[%clk 0:52:25]} 20. Nxd4 {[%clk 0:40:35]} Bxg2 {[%clk 0:51:54]} 21. Qxg2
{[%clk 0:40:38]} Rac8 {[%clk 0:46:17]} 22. Qe2 {[%clk 0:37:57]} Qc5 {[%clk
0:42:21]} 23. Rad1 {[%clk 0:29:53]} f6 {[%clk 0:39:01]} 24. Qf2 {[%clk
0:28:18]} e5 {[%clk 0:28:52]} 25. Nf5 {[%clk 0:19:09]} Qxf2+ {[%clk 0:29:14]}
26. Kxf2 {[%clk 0:19:32]} Nc5 {[%clk 0:29:36]} 27. Nd6 {[%clk 0:18:16]} Nd3+
{[%clk 0:29:17]} 28. Rxd3 {[%clk 0:18:28]} cxd3 {[%clk 0:29:42]} 29. Nxc8
{[%clk 0:18:52]} Rxc8 {[%clk 0:30:07]} 30. fxe5 {[%clk 0:18:26]} fxe5 {[%clk
0:28:59]} 31. Rxe5 {[%clk 0:17:51]} Rb8 {[%clk 0:19:03]} 32. b4 {[%clk
0:14:54]} Rc8 {[%clk 0:19:05]} 33. Rc5 {[%clk 0:15:10]} Rd8 {[%clk 0:18:24]}
34. Ke1 {[%clk 0:15:24]} Re8+ {[%clk 0:14:25]} 35. Kd2 {[%clk 0:14:33]} Re2+
{[%clk 0:14:45]} 36. Kxd3 {[%clk 0:14:54]} Rxh2 {[%clk 0:15:12]} 37. Ke3 {[%clk
0:14:28]} Ra2 {[%clk 0:14:47]} 38. a5 {[%clk 0:11:43]} h6 {[%clk 0:13:56]} 39.
Rc6 {[%clk 0:11:59]} Rc2 {[%clk 0:14:18]} 40. Kd4 {[%clk 0:10:39]} Rg2 {[%clk
0:14:15]} 41. Rxa6 {[%clk 0:10:44]} Rxg3 {[%clk 0:14:40]} 42. b5 {[%clk
0:10:42]} Rg4+ {[%clk 0:12:24]} 43. Kc5 {[%clk 0:09:03]} Rg5+ {[%clk 0:10:41]}
44. Kb4 {[%clk 0:09:18]} Kh7 {[%clk 0:08:43]} 45. b6 {[%clk 0:09:02]} h5 {[%clk
0:09:05]} 46. b7 {[%clk 0:09:08]} Rg1 {[%clk 0:09:31]} 47. Rb6 {[%clk 0:09:09]}
h4 {[%clk 0:08:59]} 48. b8=Q {[%clk 0:09:28]} 1-0

[Event "DVM U12 2017"]
[Site "Magdeburg GER"]
[Date "2017.12.28"]
[Round "3"]
[White "Blome, Johannes"]
[Black "La, Nhat Hao"]
[Result "1-0"]
[Termination "normal"]
[Board "1.4"]
[WhiteElo "1683"]
[BlackElo "1209"]
[WhiteClock "01:00:18"]
[BlackClock "00:38:14"]
[WhiteTeam "Hamburger SK"]
[BlackTeam "SG Trier"]
[PlyCount "101"]
[WhiteFideId "16233972"]
[BlackFideId "16255313"]
[EventCountry "GER"]
[EventRounds "7"]
[EventType "team-swiss"]
[EventDate "2017.12.26"]

1. e4 {[%clk 1:30:57]} e5 {[%clk 1:30:52]} 2. Nf3 {[%clk 1:31:20]} Nc6 {[%clk
1:31:14]} 3. Bc4 {[%clk 1:31:22]} Bc5 {[%clk 1:31:30]} 4. c3 {[%clk 1:31:38]}
d6 {[%clk 1:31:37]} 5. d3 {[%clk 1:31:16]} Bg4 {[%clk 1:30:57]} 6. Nbd2 {[%clk
1:31:20]} Nge7 {[%clk 1:29:13]} 7. Bxf7+ {[%clk 1:29:48]} Kxf7 {[%clk 1:25:56]}
8. Ng5+ {[%clk 1:30:08]} Ke8 {[%clk 1:26:16]} 9. Qxg4 {[%clk 1:30:03]} Ng6
{[%clk 1:21:31]} 10. Qe6+ {[%clk 1:26:46]} Qe7 {[%clk 1:20:20]} 11. Nc4 {[%clk
1:24:54]} Rf8 {[%clk 1:16:00]} 12. O-O {[%clk 1:22:59]} Nf4 {[%clk 1:10:40]}
13. Qxe7+ {[%clk 1:22:18]} Nxe7 {[%clk 1:09:12]} 14. Bxf4 {[%clk 1:22:38]} exf4
15. Ne6 {[%clk 1:22:55]} Kd7 {[%clk 1:03:26]} 16. Nxf8+ {[%clk 1:23:07]} Rxf8
{[%clk 1:03:47]} 17. d4 {[%clk 1:22:57]} Bb6 {[%clk 1:03:51]} 18. Rad1 {[%clk
1:20:34]} Ng6 {[%clk 1:03:05]} 19. Nxb6+ {[%clk 1:19:19]} axb6 {[%clk 1:03:13]}
20. c4 {[%clk 1:19:36]} f3 {[%clk 1:00:23]} 21. g3 {[%clk 1:18:36]} h5 {[%clk
0:58:55]} 22. Rd3 {[%clk 1:17:42]} h4 {[%clk 0:58:15]} 23. b4 {[%clk 1:17:19]}
c6 {[%clk 0:55:07]} 24. c5 {[%clk 1:11:01]} b5 {[%clk 0:52:49]} 25. a4 {[%clk
1:10:07]} bxa4 {[%clk 0:51:10]} 26. Ra1 {[%clk 1:09:30]} hxg3 {[%clk 0:50:20]}
27. hxg3 {[%clk 1:08:58]} Ne7 {[%clk 0:49:56]} 28. Raa3 {[%clk 1:08:51]} d5
{[%clk 0:49:35]} 29. e5 {[%clk 1:06:33]} Kc7 {[%clk 0:48:48]} 30. Rxf3 {[%clk
1:05:49]} Rxf3 {[%clk 0:46:06]} 31. Rxf3 {[%clk 1:06:13]} Kb8 {[%clk 0:45:48]}
32. g4 {[%clk 1:05:41]} Ka7 {[%clk 0:45:57]} 33. Ra3 {[%clk 1:04:57]} b5 {[%clk
0:44:57]} 34. f4 {[%clk 1:04:05]} g6 {[%clk 0:44:53]} 35. Rh3 {[%clk 1:04:02]}
Kb8 {[%clk 0:43:52]} 36. Kf2 {[%clk 1:01:53]} Kc7 {[%clk 0:43:37]} 37. e6
{[%clk 1:00:46]} Kd8 {[%clk 0:41:17]} 38. Rh8+ {[%clk 0:59:04]} Kc7 {[%clk
0:41:27]} 39. Re8 {[%clk 0:57:21]} Nc8 {[%clk 0:40:07]} 40. e7 {[%clk 0:56:41]}
a3 {[%clk 0:37:50]} 41. Rxc8+ {[%clk 0:57:00]} Kxc8 {[%clk 0:37:46]} 42. e8=Q+
{[%clk 0:57:20]} Kc7 {[%clk 0:37:59]} 43. Qa8 {[%clk 0:57:30]} Kd7 {[%clk
0:37:45]} 44. Qxa3 {[%clk 0:57:52]} Ke6 {[%clk 0:38:05]} 45. Qe3+ {[%clk
0:58:15]} Kf7 {[%clk 0:37:37]} 46. Qe5 {[%clk 0:58:20]} Kg8 {[%clk 0:37:38]}
47. Qe7 {[%clk 0:58:40]} Kh8 {[%clk 0:37:44]} 48. f5 {[%clk 0:59:05]} gxf5
{[%clk 0:37:28]} 49. gxf5 {[%clk 0:59:28]} Kg8 {[%clk 0:37:54]} 50. f6 {[%clk
0:59:53]} Kh8 {[%clk 0:38:14]} 51. Qg7# {[%clk 1:00:18]} 1-0

[Event "DVM U12 2017"]
[Site "Magdeburg GER"]
[Date "2017.12.28"]
[Round "3"]
[White "Zeuner, Ole"]
[Black "Kraftsik, Christian"]
[Result "1/2-1/2"]
[Termination "normal"]
[Board "2.1"]
[WhiteElo "1848"]
[BlackElo "1607"]
[WhiteClock "00:01:23"]
[BlackClock "00:26:24"]
[WhiteTeam "Schachzwerge Magdeburg"]
[BlackTeam "SC Vaterstetten"]
[PlyCount "149"]
[WhiteFideId "12943576"]
[BlackFideId "16242548"]
[EventCountry "GER"]
[EventRounds "7"]
[EventType "team-swiss"]
[EventDate "2017.12.26"]

1. e4 {[%clk 1:30:57]} e5 {[%clk 1:30:48]} 2. Nf3 {[%clk 1:31:19]} Nc6 {[%clk
1:31:14]} 3. Bb5 {[%clk 1:30:52]} Nf6 {[%clk 1:30:58]} 4. d3 {[%clk 1:30:29]}
d6 {[%clk 1:30:25]} 5. O-O {[%clk 1:29:02]} Be7 {[%clk 1:30:38]} 6. c3 {[%clk
1:28:17]} O-O {[%clk 1:30:45]} 7. h3 {[%clk 1:27:59]} a6 {[%clk 1:30:32]} 8.
Ba4 {[%clk 1:27:47]} Bd7 {[%clk 1:28:50]} 9. Re1 {[%clk 1:26:08]} Re8 {[%clk
1:28:15]} 10. Nbd2 {[%clk 1:25:21]} Bf8 {[%clk 1:28:04]} 11. Nf1 {[%clk
1:25:03]} Ne7 {[%clk 1:27:52]} 12. Bc2 {[%clk 1:23:49]} h6 {[%clk 1:27:35]} 13.
Nh4 {[%clk 1:14:04]} c6 {[%clk 1:22:02]} 14. Qf3 {[%clk 1:10:15]} Nh7 {[%clk
1:18:21]} 15. Bb3 {[%clk 1:08:29]} d5 {[%clk 1:11:57]} 16. exd5 {[%clk
1:07:15]} Nxd5 {[%clk 1:03:24]} 17. Bxd5 {[%clk 1:01:51]} cxd5 {[%clk 1:02:33]}
18. Qxd5 {[%clk 1:01:41]} Bc6 {[%clk 1:01:32]} 19. Qxd8 {[%clk 1:01:13]} Raxd8
{[%clk 1:01:50]} 20. Rd1 {[%clk 0:53:06]} Bb5 {[%clk 0:59:45]} 21. d4 {[%clk
0:46:09]} exd4 {[%clk 0:53:35]} 22. cxd4 {[%clk 0:44:52]} Be2 {[%clk 0:53:22]}
23. Re1 {[%clk 0:42:40]} Rxd4 {[%clk 0:49:33]} 24. Be3 {[%clk 0:41:36]} Rxh4
{[%clk 0:49:11]} 25. Rxe2 {[%clk 0:41:59]} Rhe4 {[%clk 0:46:10]} 26. Rc2 {[%clk
0:39:34]} Bd6 {[%clk 0:45:32]} 27. Rd1 {[%clk 0:37:07]} R4e6 {[%clk 0:42:29]}
28. Rcd2 {[%clk 0:24:50]} Bb4 {[%clk 0:40:27]} 29. Rd7 {[%clk 0:23:43]} b5
{[%clk 0:32:13]} 30. a3 {[%clk 0:23:04]} Be7 {[%clk 0:31:12]} 31. Ng3 {[%clk
0:19:11]} Bf6 {[%clk 0:30:43]} 32. b3 {[%clk 0:12:58]} Bb2 {[%clk 0:29:35]} 33.
a4 {[%clk 0:12:13]} bxa4 {[%clk 0:29:28]} 34. bxa4 {[%clk 0:12:37]} Ba3 {[%clk
0:28:49]} 35. Ra7 {[%clk 0:10:21]} Nf6 {[%clk 0:28:13]} 36. Rb1 {[%clk
0:09:26]} Nd5 {[%clk 0:26:45]} 37. Bd4 {[%clk 0:07:13]} Rd8 {[%clk 0:24:38]}
38. Nf5 {[%clk 0:04:23]} Nf6 {[%clk 0:23:49]} 39. Be3 {[%clk 0:03:55]} Nd5
{[%clk 0:23:01]} 40. Bd4 {[%clk 0:02:24]} Nf6 {[%clk 0:22:45]} 41. Rbb7 {[%clk
0:30:09]} Rf8 {[%clk 0:49:07]} 42. Rb6 {[%clk 0:26:30]} Rxb6 {[%clk 0:43:20]}
43. Bxb6 {[%clk 0:26:55]} Bb2 {[%clk 0:43:10]} 44. Rxa6 {[%clk 0:26:28]} Re8
{[%clk 0:42:13]} 45. Ne3 {[%clk 0:22:11]} Nd7 {[%clk 0:41:32]} 46. Bc7 {[%clk
0:19:50]} Nc5 {[%clk 0:41:13]} 47. Ra5 {[%clk 0:19:49]} Ne6 {[%clk 0:40:59]}
48. Bg3 {[%clk 0:18:10]} Bc3 {[%clk 0:40:30]} 49. Rb5 {[%clk 0:15:24]} Kh7
{[%clk 0:38:44]} 50. Rb3 {[%clk 0:13:57]} Nd4 {[%clk 0:36:23]} 51. Ra3 {[%clk
0:14:01]} Ne2+ {[%clk 0:35:26]} 52. Kh2 {[%clk 0:14:20]} Nxg3 {[%clk 0:33:21]}
53. Kxg3 {[%clk 0:14:43]} Be5+ {[%clk 0:33:15]} 54. Kf3 {[%clk 0:14:35]} Ra8
{[%clk 0:33:24]} 55. a5 {[%clk 0:14:38]} Bd6 {[%clk 0:33:23]} 56. Ra2 {[%clk
0:14:31]} Ra6 {[%clk 0:33:30]} 57. Nc4 {[%clk 0:13:32]} Bc5 {[%clk 0:33:16]}
58. Ke4 {[%clk 0:11:58]} Kg6 {[%clk 0:32:05]} 59. Kd5 {[%clk 0:11:42]} Ba7
{[%clk 0:31:39]} 60. Nd6 {[%clk 0:09:16]} Kf6 {[%clk 0:31:10]} 61. Nb7 {[%clk
0:08:23]} Ke7 {[%clk 0:31:07]} 62. Kc4 {[%clk 0:08:12]} Rf6 {[%clk 0:29:54]}
63. f3 {[%clk 0:07:12]} Rf5 {[%clk 0:29:12]} 64. a6 {[%clk 0:06:49]} Kd7 {[%clk
0:29:23]} 65. Na5 {[%clk 0:03:36]} Kc7 {[%clk 0:29:04]} 66. Nb3 {[%clk
0:03:49]} Kb6 {[%clk 0:28:44]} 67. Kd4 {[%clk 0:03:00]} Rb5 {[%clk 0:28:33]}
68. Nd2 {[%clk 0:02:39]} Kc6+ {[%clk 0:27:59]} 69. Ke4 {[%clk 0:02:39]} f5+
{[%clk 0:27:45]} 70. Kd3 {[%clk 0:02:34]} Rd5+ {[%clk 0:27:59]} 71. Kc3 {[%clk
0:02:38]} Bd4+ {[%clk 0:27:56]} 72. Kc4 {[%clk 0:02:36]} Ba7 {[%clk 0:27:56]}
73. Nb3 {[%clk 0:02:42]} Re5 {[%clk 0:27:39]} 74. Nd4+ {[%clk 0:02:04]} Kb6
{[%clk 0:26:24]} 75. f4 {[%clk 0:01:23]} 1/2-1/2

[Event "DVM U12 2017"]
[Site "Magdeburg GER"]
[Date "2017.12.28"]
[Round "3"]
[White "Lerchl, Clemens"]
[Black "Morgenstern, Tobias"]
[Result "0-1"]
[Termination "normal"]
[Board "2.2"]
[WhiteElo "1547"]
[BlackElo "1766"]
[WhiteTeam "SC Vaterstetten"]
[BlackTeam "Schachzwerge Magdeburg"]
[PlyCount "66"]
[WhiteFideId "16226372"]
[BlackFideId "12974390"]
[EventCountry "GER"]
[EventRounds "7"]
[EventType "team-swiss"]
[EventDate "2017.12.26"]

1. e4 e5 2. Nf3 Nc6 3. Bb5 a6 4. Ba4 Nf6 5. O-O Nxe4 6. Re1 Nc5 7. Nxe5 Be7 8.
Bxc6 dxc6 9. d4 Ne6 10. c3 O-O 11. f4 Qd5 12. Be3 f6 13. Nf3 c5 14. Na3 c4 15.
Nc2 b5 16. Bd2 Bd6 17. Ne3 Qb7 18. g3 Bd7 19. Bc1 Rad8 20. Kh1 g5 21. Nf5 g4
22. Nh6+ Kh8 23. Nxg4 Nxd4 24. Kg2 Bxg4 25. cxd4 Bc5 26. Be3 Bb4 27. Rf1 Rfe8
28. Bg1 c5 29. a3 Ba5 30. a4 cxd4 31. axb5 d3 32. Rxa5 Re2+ 33. Bf2 Qxf3+ 0-1